[Event "Lichtenrader Herbst 2014"]
[Site "Berlin-Lichtenrade"]
[Date "2014.10.26"]
[Round "9.6"]
[White "Figura, Atila Gajo"]
[Black "Major, Vitalij"]
[Result "1-0"]
[WhiteElo "2372"]
[BlackElo "2202"]
[PlyCount "39"]
[EventDate "2014.??.??"]

1. d4 Nf6 2. c4 e5 3. dxe5 Ng4 4. Bf4 g5 5. Bd2 Nxe5 6. Bc3 Bg7 7. e3 g4 8. Ne2
d6 9. Nf4 h5 10. Qc2 Nbc6 11. Nd2 Be6 12. O-O-O Qe7 13. Nd5 Qd7 14. f4 gxf3 15.
gxf3 f5 16. Rg1 Rh6 17. Bh3 O-O-O 18. Nf4 Ng4 19. fxg4 Bxc3 20. gxf5 1-0

[Event "Lichtenrader Herbst 2014"]
[Site "Berlin-Lichtenrade"]
[Date "2014.10.26"]
[Round "9.8"]
[White "Donath, Johann"]
[Black "Lerch, Philipp"]
[Result "0-1"]
[WhiteElo "1973"]
[BlackElo "2297"]
[PlyCount "92"]
[EventDate "2014.??.??"]

1. e4 c5 2. c3 d6 3. d4 Nf6 4. Bd3 g6 5. Nf3 Bg7 6. O-O O-O 7. Re1 Nc6 8. d5
Nb8 9. h3 e5 10. dxe6 Bxe6 11. Nbd2 Nc6 12. Nf1 d5 13. exd5 Bxd5 14. c4 Bxf3
15. Qxf3 Nd7 16. Qg3 Nde5 17. Be2 Nd4 18. Bf4 Nxe2+ 19. Rxe2 Nxc4 20. Rb1 Re8
21. Rc2 Qd5 22. Qb3 Nb6 23. Bc7 Qxb3 24. axb3 Nd7 25. Rd1 Nf8 26. Rxc5 Ne6 27.
Rcc1 Bxb2 28. Rc2 Bd4 29. Ba5 Rac8 30. Ra2 a6 31. Nd2 b6 32. Nf3 Red8 33. Nxd4
Nxd4 34. Rad2 Ne2+ 35. Kf1 Rxd2 36. Bxd2 Nd4 37. b4 b5 38. Rc1 Rxc1+ 39. Bxc1
Kf8 40. Be3 Nc6 41. Ke2 Ke7 42. Kd3 Kd6 43. h4 Kd5 44. g3 Nd8 45. f3 Nc6 46.
Kc3 Ne5 0-1

[Event "Lichtenrader Herbst 2014"]
[Site "Berlin-Lichtenrade"]
[Date "2014.10.26"]
[Round "9.9"]
[White "Bach, Markus"]
[Black "Sawlin, Leonid"]
[Result "1/2-1/2"]
[WhiteElo "2087"]
[BlackElo "2143"]
[PlyCount "107"]
[EventDate "2014.??.??"]

1. Nf3 d5 2. c4 Nf6 3. g3 e6 4. Bg2 c6 5. b3 Nbd7 6. d4 g6 7. O-O Bg7 8. Bb2
O-O 9. Nc3 Qa5 10. cxd5 exd5 11. Qc2 Re8 12. Nh4 Nf8 13. Rfe1 Ne6 14. Rad1 Bd7
15. a3 Rad8 16. b4 Qb6 17. Na4 Qb5 18. e3 Qa6 19. Bf1 b5 20. Nc5 Nxc5 21. dxc5
Qc8 22. a4 a6 23. axb5 axb5 24. Ra1 Re4 25. Bd4 Bh3 26. Ng2 Nh5 27. Red1 Bg4
28. Rd2 Rde8 29. Qb2 h6 30. Ne1 Bh3 31. Bg2 Bxg2 32. Kxg2 g5 33. Ra7 Qf5 34.
Bxg7 Nxg7 35. Nf3 Ne6 36. Nd4 Nxd4 37. Rxd4 g4 38. Ra6 R8e6 39. Ra8+ Kh7 40.
Rxe4 Qxe4+ 41. Kg1 Qf3 42. Qc2+ Kg7 43. Qc3+ Kg6 44. Rd8 f6 45. Qd3+ Qe4 46.
Qxe4+ Rxe4 47. Rd6 Rxb4 48. Rxc6 Rb1+ 49. Kg2 Kf5 50. Rb6 Ke5 51. Rb8 Ke6 52.
Rb6+ Ke7 53. Rb7+ Kd8 54. Rf7 1/2-1/2

[Event "Lichtenrader Herbst 2014"]
[Site "Berlin-Lichtenrade"]
[Date "2014.10.26"]
[Round "9.10"]
[White "Krefenstein, Sergej"]
[Black "Dimitrijeski, Kristian"]
[Result "1/2-1/2"]
[WhiteElo "2102"]
[BlackElo "2202"]
[PlyCount "45"]
[EventDate "2014.??.??"]

1. d4 d5 2. c4 c6 3. cxd5 cxd5 4. Nc3 e5 5. dxe5 d4 6. Ne4 Qa5+ 7. Nd2 Nc6 8.
Ngf3 Bg4 9. g3 Bxf3 10. exf3 Qxe5+ 11. Qe2 Qxe2+ 12. Bxe2 Nf6 13. Bc4 Be7 14.
O-O O-O 15. Ne4 Ne5 16. Nxf6+ Bxf6 17. Bd5 Rad8 18. Be4 Nc4 19. Bd3 Ne5 20. Be4
Nc4 21. Bd3 Ne5 22. Be4 Nc4 23. Bd3 1/2-1/2

[Event "Lichtenrader Herbst 2014"]
[Site "Berlin-Lichtenrade"]
[Date "2014.10.26"]
[Round "9.11"]
[White "Schnabel, Ralf"]
[Black "Zschaebitz, Klaus"]
[Result "1-0"]
[WhiteElo "2205"]
[BlackElo "2105"]
[PlyCount "57"]
[EventDate "2014.??.??"]

1. e4 e6 2. d4 d5 3. Nd2 h6 4. Bd3 Nc6 5. Ngf3 Nf6 6. c3 Be7 7. O-O O-O 8. Qe2
Re8 9. Re1 a5 10. a4 b6 11. Bb5 Bd7 12. e5 Nh7 13. Nf1 Ng5 14. N3d2 f5 15. exf6
Bxf6 16. f4 Nf7 17. Nf3 Nd6 18. Bd3 Nf5 19. Bd2 Nce7 20. g4 Nh4 21. g5 hxg5 22.
fxg5 Nef5 23. gxf6 Qxf6 24. Ne5 Rad8 25. Ng3 g6 26. Qg4 Nxg3 27. hxg3 Rf8 28.
Rf1 Nf5 29. Bg5 1-0

[Event "Lichtenrader Herbst 2014"]
[Site "Berlin-Lichtenrade"]
[Date "2014.10.26"]
[Round "9.13"]
[White "Stigar, Petter"]
[Black "Richter, Goetz"]
[Result "1/2-1/2"]
[WhiteElo "2225"]
[BlackElo "2052"]
[PlyCount "57"]
[EventDate "2014.??.??"]

1. d4 Nf6 2. c4 e6 3. g3 d5 4. Nf3 Be7 5. Bg2 O-O 6. O-O c6 7. Qc2 Nbd7 8. Rd1
b6 9. b3 a5 10. Bb2 Bb7 11. Nc3 Qc7 12. e4 Ba6 13. Ne5 Rac8 14. Rac1 Rfd8 15.
Qb1 dxc4 16. Nxc4 Qb8 17. Qc2 Bf8 18. Nb1 Bb7 19. Qe2 Qa7 20. Nbd2 b5 21. Ne3
Qb6 22. e5 Nd5 23. Ne4 c5 24. Nxd5 Bxd5 25. dxc5 Nxc5 26. Bd4 Bxe4 27. Bxe4
Rxd4 28. Rxd4 Nxe4 29. Rxc8 1/2-1/2

[Event "Lichtenrader Herbst 2014"]
[Site "Berlin-Lichtenrade"]
[Date "2014.10.26"]
[Round "9.14"]
[White "Lagunow, Raphael"]
[Black "Arndt, Uwe"]
[Result "1/2-1/2"]
[WhiteElo "2205"]
[BlackElo "1980"]
[PlyCount "88"]
[EventDate "2014.??.??"]

1. Nf3 Nf6 2. g3 g6 3. Bg2 Bg7 4. O-O O-O 5. c4 c5 6. Nc3 Nc6 7. d4 cxd4 8.
Nxd4 Nxd4 9. Qxd4 d6 10. Qd3 Rb8 11. Rd1 b6 12. e4 Nd7 13. Be3 Ne5 14. Qe2 Qc7
15. Nd5 Qxc4 16. Nxe7+ Kh8 17. Qxc4 Nxc4 18. Bd4 Nxb2 19. Bxg7+ Kxg7 20. Rxd6
Bb7 21. Rb1 Na4 22. e5 Nc3 23. Rb3 Ne4 24. Bxe4 Bxe4 25. f4 Rb7 26. Nd5 Bxd5
27. Rxd5 Rc8 28. Rbd3 Rc1+ 29. Kg2 Rc2+ 30. Rd2 Rbc7 31. Kf3 h5 32. Rxc2 Rxc2
33. Rd7 Kf8 34. Rxa7 Rxh2 35. a4 Ra2 36. Ra6 Ra3+ 37. Kg2 Ke7 38. Kh3 Kd7 39.
Kh4 Ke7 40. Rxb6 Rxa4 41. Kg5 Ra3 42. Rb7+ Ke6 43. Rb6+ Ke7 44. Kh4 Rc3 1/2-1/2

[Event "Lichtenrader Herbst 2014"]
[Site "Berlin-Lichtenrade"]
[Date "2014.10.26"]
[Round "9.15"]
[White "Schmidek, Emil"]
[Black "Muskewitz, Bernd"]
[Result "1-0"]
[WhiteElo "2108"]
[BlackElo "1963"]
[PlyCount "31"]
[EventDate "2014.??.??"]

1. e4 c5 2. Nf3 e6 3. d4 cxd4 4. Nxd4 a6 5. Nc3 Qc7 6. f4 b5 7. Be2 Bb7 8. Bf3
Nc6 9. Nxc6 dxc6 10. O-O Nf6 11. Qe1 Bc5+ 12. Kh1 O-O 13. Qg3 b4 14. e5 bxc3
15. exf6 g6 16. Qg5 1-0

[Event "Lichtenrader Herbst 2014"]
[Site "Berlin-Lichtenrade"]
[Date "2014.10.26"]
[Round "9.16"]
[White "Gebigke, Martin"]
[Black "Buttkus, Andre"]
[Result "1-0"]
[WhiteElo "2162"]
[BlackElo "2044"]
[PlyCount "105"]
[EventDate "2014.??.??"]

1. e4 c5 2. Nf3 g6 3. c3 Bg7 4. d4 cxd4 5. cxd4 d5 6. e5 Nc6 7. Be2 Bg4 8. O-O
Nh6 9. Nbd2 Nf5 10. h3 Bxf3 11. Nxf3 Qb6 12. Be3 Nxe3 13. fxe3 Qxb2 14. Rb1 Qa3
15. Rb3 Qxa2 16. Rxb7 O-O 17. Bb5 Na5 18. Rc7 Bh6 19. Qd3 Qb3 20. Rc3 Qb2 21.
Rb1 Bxe3+ 22. Kh1 Qf2 23. Rc2 Qg3 24. Qxe3 Rab8 25. Rcb2 Rb6 26. Bf1 Rfb8 27.
Rxb6 Rxb6 28. Rb5 Nc6 29. Kg1 e6 30. Rxb6 axb6 31. Qb3 Ne7 32. Qxb6 Nf5 33.
Qd8+ Kg7 34. Qf6+ Kg8 35. Bd3 Ne3 36. Qg5 Qxg5 37. Nxg5 Nd1 38. Kf1 Nc3 39. Ke1
Na4 40. Kd2 Nb6 41. Bb5 h6 42. Nf3 Nc8 43. Kc3 Ne7 44. g4 g5 45. Bd3 Kf8 46.
Kb4 Ke8 47. Kc5 Kd7 48. Nd2 Kc7 49. Nf1 Kd8 50. Ng3 Kc7 51. Nh5 Kd8 52. Nf6 Nc8
53. Ng8 1-0

[Event "Lichtenrader Herbst 2014"]
[Site "Berlin-Lichtenrade"]
[Date "2014.10.26"]
[Round "9.17"]
[White "Greiser, Christian"]
[Black "Kreutzkamp, Hans-Rudolf"]
[Result "0-1"]
[WhiteElo "1959"]
[BlackElo "2195"]
[PlyCount "76"]
[EventDate "2014.??.??"]

1. c4 c5 2. g3 Nc6 3. Bg2 g6 4. Nf3 Bg7 5. O-O e5 6. Nc3 d6 7. d3 Nge7 8. Bg5
f6 9. Bd2 Be6 10. e3 Qd7 11. Qe2 Bh3 12. Bxh3 Qxh3 13. Ne4 Rd8 14. Rfd1 h5 15.
Qf1 Qe6 16. h3 g5 17. Ne1 Bh6 18. Qg2 f5 19. Nc3 Rd7 20. Nd5 Ng8 21. Nc2 Nce7
22. b4 Nxd5 23. cxd5 Qg6 24. Rac1 b6 25. d4 cxd4 26. exd4 e4 27. b5 g4 28. Bxh6
Qxh6 29. h4 Ne7 30. Ne3 Kf7 31. Rc3 Qf6 32. Qf1 f4 33. Ng2 Nxd5 34. Rc6 f3 35.
Qc4 Qe6 36. Ne1 e3 37. fxe3 Nxe3 38. d5 Qe5 0-1

[Event "Lichtenrader Herbst 2014"]
[Site "Berlin-Lichtenrade"]
[Date "2014.10.26"]
[Round "9.18"]
[White "Halfhide, Sebastian"]
[Black "Rogozenco, Teodora"]
[Result "1-0"]
[WhiteElo "2083"]
[BlackElo "1974"]
[PlyCount "45"]
[EventDate "2014.??.??"]

1. e4 d6 2. d4 Nf6 3. Nc3 e5 4. Nf3 Nbd7 5. g4 Nxg4 6. Rg1 Ngf6 7. Be3 c6 8.
Qd2 b5 9. a3 Bb7 10. O-O-O a5 11. dxe5 dxe5 12. Bh3 Qc7 13. Ng5 Rd8 14. Be6
fxe6 15. Nxe6 Qb8 16. f4 Be7 17. Nxg7+ Kf7 18. Nf5 Ne8 19. Nh6+ Kf8 20. Qg2 Bf6
21. Qh3 Nd6 22. fxe5 Nxe5 23. Qe6 1-0

[Event "Lichtenrader Herbst 2014"]
[Site "Berlin-Lichtenrade"]
[Date "2014.10.26"]
[Round "9.19"]
[White "Gebert-Vangeel, Ralf"]
[Black "Pixa, Richard"]
[Result "0-1"]
[WhiteElo "2023"]
[BlackElo "1976"]
[PlyCount "90"]
[EventDate "2014.??.??"]

1. e4 e6 2. d4 d5 3. Nc3 Nf6 4. e5 Nfd7 5. f4 c5 6. Nf3 Nc6 7. Be3 Qb6 8. Na4
Qa5+ 9. Nc3 cxd4 10. Nxd4 Bb4 11. Qd2 Nc5 12. Bd3 Na4 13. Nb3 Bxc3 14. bxc3
Qxc3 15. O-O Qxd2 16. Bxd2 a6 17. Rab1 b5 18. Rf3 Bb7 19. Rh3 Rc8 20. Re1 g6
21. g4 Nb2 22. Nc5 Rc7 23. Bxg6 fxg6 24. Nxe6 Re7 25. f5 gxf5 26. gxf5 Bc8 27.
Nf4 Bxf5 28. Rh6 Rg8+ 29. Kf2 Nxe5 30. Rxa6 Ng4+ 31. Kg3 Rxe1 32. Bxe1 Ne3+ 33.
Kf3 Nbc4 34. Ra8+ Kf7 35. Ra7+ Kf6 36. Bh4+ Ke5 37. Nd3+ Bxd3 38. cxd3 Nf5 39.
Bg3+ Nxg3 40. hxg3 Nb2 41. Rb7 Nxd3 42. Rxb5 Kd4 43. a4 Ne5+ 44. Kf2 Nc4 45.
Rb7 Kc3 0-1

[Event "Lichtenrader Herbst 2014"]
[Site "Berlin-Lichtenrade"]
[Date "2014.10.26"]
[Round "9.20"]
[White "Noetzel, Felix"]
[Black "Ziese, Gerhard"]
[Result "1/2-1/2"]
[WhiteElo "2092"]
[BlackElo "1952"]
[PlyCount "100"]
[EventDate "2014.??.??"]

1. e4 e5 2. Nf3 Nc6 3. Bc4 Nf6 4. d4 exd4 5. O-O Nxe4 6. Re1 d5 7. Bxd5 Qxd5 8.
Nc3 Qa5 9. Nxe4 Be6 10. Neg5 O-O-O 11. Nxe6 fxe6 12. Rxe6 h6 13. Bd2 Bb4 14. a3
Bxd2 15. Qxd2 Qxd2 16. Nxd2 Rde8 17. Rae1 Kd7 18. Rxe8 Rxe8 19. Rxe8 Kxe8 20.
f4 Ke7 21. Kf2 Ke6 22. Kf3 Kd5 23. g4 Ne7 24. f5 c5 25. Kf4 b5 26. h4 c4 27. g5
hxg5+ 28. hxg5 a5 29. f6 gxf6 30. gxf6 Ng6+ 31. Kf5 Ne5 32. Nf3 Nd7 33. f7 b4
34. Ne5 Nf8 35. a4 d3 36. cxd3 c3 37. Nc4 Kd4 38. bxc3+ bxc3 39. Nxa5 Kxd3 40.
Nb3 Kc4 41. Nc1 Kb4 42. Ke4 Kxa4 43. Kd3 Kb5 44. Kxc3 Kc6 45. Kd4 Kd6 46. Nd3
Ke6 47. Ne5 Nd7 48. Ke4 Ke7 49. Kf5 Nxe5 50. Kxe5 Kxf7 1/2-1/2